00477 2200193 4500001002100000005001500021008004100036020001800077035001900095041000700114082000800121090001400129100002800143245002700171250001000198260003400208300002500242650001600267INLIS00000000000416020241224112846241224||||||||| | ||| |||| || |  a979-8767-55-1 0010-1224004160 aid0 a342 a342 UND u0 aIndonesia.Pemerintah RI00aUndang-Undang HAM 1999 aCet.2 aJakartabSinar Grafika.c2001 avii, 158 hlm.; 20 cm 0aUU HAM 1999